Istorija organizacii Varšavskogo dogovora monografija

Bibliographic Details
Main Author: Luk'janov, Petr Grigor'jevič (Author)
Format: Book
Language:Russian
PhysicalDescription:125, [3] s. 20 cm
Published: Mogilev MGU im. A.A. Kulešova 2006
ISBN:9854801969
Subjects:

MARC

LEADER 00000nam a2200000 a 4500
001 vtls008998479
003 SK-MaSNL
005 20260302005252.0
008 240314s2006 bw n 000 0 rus
015 |a SNBZSA2008-00104 
020 |a 9854801969  |q (brož.) 
040 |a SNK  |b slo  |c SNK  |e AACR2 
041 0 |a rus 
043 |a e------ 
044 |a bw  |c BY 
072 7 |a 327  |x Medzinárodné vzťahy, svetová politika  |2 konspekt 
080 |a 327.51(4)  |x (091)  |2 2001 
080 |a 355/359  |2 2001 
100 1 |a Luk'janov, Petr Grigor'jevič  |4 aut  |9 646467 
245 1 0 |a Istorija organizacii Varšavskogo dogovora  |b monografija  |c P.G. Luk'janov 
260 |a Mogilev  |b MGU im. A.A. Kulešova  |c 2006 
300 |a 125, [3] s.  |c 20 cm 
610 2 7 |a Varšavská zmluva (1955)  |2 snkph  |9 318205 
655 7 |a monografie  |2 snkph  |9 70139 
919 |a 985-480-196-9 
958 |a ZS 
958 |a RU 
958 |a NB 
999 |c 998917  |d 1000847 
952 |a SNK  |b SNK  |y PREZ  |7 0  |p 17A0555782  |o snkSD 76698  |i snk2007/17005  |8 2  |g 7.93  |0 0  |1 0  |4 0  |d 2007-06-13  |l 0  |r 2025-11-25 00:00:00  |w 2026-02-24